Mystery Taylor Swift Song #27 - Statistics

General Stats
  • This quiz has been taken 1,229 times
    1,143 since last reset
  • The average score is 67 of 131
Answer Stats
Song % Correct
a
94%
You
93%
you
93%
The
91%
love
90%
it
85%
in
84%
are
83%
1989
81%
And
81%
he
81%
on
78%
can
77%
your
77%
Of
75%
to
75%
hear
74%
is
74%
out
73%
my
72%
see
70%
"You're
70%
No
69%
feel
68%
way
67%
go
66%
home
66%
was
65%
with
65%
silence
64%
then
64%
true
64%
what
64%
his
63%
Light
62%
light
62%
for
61%
"Look
60%
look
60%
so
60%
they
60%
lights
59%
One
59%
You Are In Love
59%
But
58%
at
56%
best
56%
not
56%
too
56%
just
55%
knew
55%
says
55%
friend"
54%
up"
54%
why
54%
word
51%
keep
50%
now
50%
said
50%
face
48%
I've
48%
keeps
48%
night
48%
'Cause
46%
their
46%
Time
46%
dark
45%
enough
45%
room
45%
midnight
44%
once
44%
picture
44%
goes
43%
let
43%
office
43%
downtown
42%
Meant
42%
much
42%
'round
42%
saw
42%
shirt
42%
touch
42%
dancing
41%
into
41%
life
41%
put
41%
two
41%
back
40%
fears
40%
talk
40%
words
40%
felt
39%
lost
39%
Pauses
39%
Strange
39%
whole
39%
kiss
38%
minds
38%
place
38%
snow
38%
globe
37%
shoulders
37%
spent
37%
understand
37%
wakes
37%
brush
36%
Coffee
36%
fast
36%
fought
36%
tryin'
36%
wars
36%
ghosts
35%
fight
34%
joke
34%
play
34%
reflects
34%
Morning
33%
neck
33%
proof
33%
sidewalks
33%
toast
33%
Burnt
32%
hearted
32%
moved
32%
Sunday
32%
chain
31%
coat
31%
drives
31%
Buttons
30%
Small
27%
step
20%
No matching quizzes found
Score Distribution
Percent of People with Each Score
Percentile by Number Answered
Your Score History
You have not taken this quiz since the last reset